| 000 | 00979cam a22002411 4500 | ||
|---|---|---|---|
| 001 | e 54000008 | ||
| 003 | DLC | ||
| 005 | 20260227111235.0 | ||
| 008 | 780320s1954 dcua f000 0 eng | ||
| 010 | _ae 54000008 | ||
| 035 | _a(OCoLC)3734329 | ||
| 040 |
_aDLC _cInWhC _dInWhC _dDLC |
||
| 042 | _apremarc | ||
| 050 | 0 | 0 |
_aLB3215 _b.T3 |
| 082 | _a371.62 | ||
| 100 | 1 | _aTaylor, James L. | |
| 245 | 1 | 0 |
_aGood and bad school plants in the United States as revealed by a nationwide school facilities survey, _cprepared by James L. Taylor, assisted by James Woofter and other staff members of the School Housing Section, Division of State and Local School Systems. |
| 260 |
_aWashington, _bU.S. Dept. of Health, Education, and Welfare, Office of Education _c[1954] |
||
| 300 |
_av, 77 p. _billus. _c20 x 26 cm. |
||
| 410 | 1 | 0 |
_aUnited States. _bOffice of Education. _tSpecial publication _vno. 2 |
| 650 | 0 |
_aSchool buildings _zUnited States. |
|
| 740 | 0 | _aSchool facilities survey. | |
| 999 |
_c22211 _d22211 |
||